000 00757cam a22002651 4500
001 25085
003 BD-RjUL
005 20211209050829.0
008 140306s1954 enk 001 0 eng d
035 _a(BD-RjUL)25154
035 _a(OCoLC)977368
040 _aDLC
_cTxU-Da
_dOCoLC
_dUk
_dDLC
_dBD-RjUL
_beng
041 _aeng
082 0 0 _a323.44
_bWAF 1954
100 1 _aWard, Barbara,
_d1914-1981.
_98368
245 1 0 _aFaith and freedom :
_ba study of Western society /
_c Barbara Ward,
260 _aLondon :
_bH. Hamiliton,
_c1954
300 _a283 p. ;
_c23 cm.
504 _aIncludes Index
650 0 _aLiberty.
_977184
650 0 _aChristianity and politics.
_975440
942 _2ddc
_cBK
999 _c25085
_d25085